书目信息 |
| 题名: |
电子设备及材料的有害生物与防护
|
|
| 作者: | 陈永圣 编著 | |
| 分册: | ||
| 出版信息: | 北京 新时代出版社 1985 |
|
| 页数: | 186页 | |
| 开本: | 20cm | |
| 丛书名: | ||
| 单 册: | ||
| 中图分类: | TN082 , TN08 | |
| 科图分类: | ||
| 主题词: | 电子设备--防护 , 无线电厂 | |
| 电子资源: | ||
| ISBN: | ||
| 000 | 00724nam0 2200265 45 | |
| 001 | 0185020789 | |
| 005 | 20040520104253.9 | |
| 010 | @dCNY1.25 | |
| 091 | @a15241.52 | |
| 100 | @a19900921d1985 em y0chiy0121 ea | |
| 101 | 0 | @achi |
| 102 | @aCN@b110000 | |
| 105 | @ay z 000yy | |
| 106 | @ar | |
| 200 | 10 | @a电子设备及材料的有害生物与防护@Adian zi she bei ji cai liao de you hai sheng wu yu fang hu@f陈永圣编著 |
| 210 | @a北京@c新时代出版社@d1985 | |
| 215 | @a186页@d20cm | |
| 606 | @a电子设备@x防护 | |
| 606 | 0 | @a无线电厂 |
| 690 | @aTN082@v3 | |
| 690 | @aTN08 | |
| 701 | 0 | @a陈永圣@Achen yong sheng@4编著 |
| 801 | 0 | @aCN@b深圳图书馆@c20040520 |
| 801 | 2 | @aCN@bNLC@c20040520 |
| 905 | @f1@b143521@dTN08@e27 | |
| 电子设备及材料的有害生物与防护/陈永圣编著.-北京:新时代出版社,1985 |
| 186页;20cm |
| ISBN :CNY1.25 |
| ● |
| 相关链接 |
|
|
|
|
正题名:电子设备及材料的有害生物与防护
索取号:TN08/27
 
预约/预借
| 序号 | 登录号 | 条形码 | 馆藏地/架位号 | 状态 | 备注 |
| 1 | 0143521 | 001348410 | 第三借阅区/ [索取号:TN08/27] | 在馆 | |
| 2 | 0143522 | 001348456 | 第二样本阅览室/ [索取号:TN08/27] | 在馆 |